The Legend of Zelda: Tears of the Kingdom bosses by pictures - Statistics

General Stats
  • This quiz has been taken 42 times
  • The average score is 8 of 12
Answer Stats
Picture Answer % Correct
Colgera
87%
Yunobo
87%
Ganondorf
81%
Master Kohga
74%
Demon Dragon
68%
Marbled Gohma
68%
Queen Gibdo
68%
Phantom Ganon
65%
Mucktorok
61%
Seized Construct
55%
Sludge Like
48%
Moragia
42%
No matching quizzes found
Score Distribution
Percent of People with Each Score
Percentile by Number Answered
Your Score History
You have not taken this quiz